Visualization of experimental data for the process of solid materials atomic structures properties modeling in the Antares quantum-chemical calculations software package; Journal of Industrial Pollution Control; Vol. 32, iss. 2
| Parent link: | Journal of Industrial Pollution Control Vol. 32, iss. 2.— 2016.— [P. 453-458] |
|---|---|
| मुख्य लेखक: | |
| निगमित लेखक: | |
| अन्य लेखक: | , |
| सारांश: | Title screen This paper focuses on modern ways of visualization of large amounts of data. The authors describe a data visualization program based on the OpenGL library that provides static and dynamic modes of representation of the heat transfer process in the scope of material piece and alteration of the material atomic structure. The visualization program is integrated in the Antares material modeling software package that operates on the basis of the distributing computing GRID. Experimental test of the designed program is performed using the example of Ti3Al system atomic structure visualization. |
| भाषा: | अंग्रेज़ी |
| प्रकाशित: |
2016
|
| विषय: | |
| ऑनलाइन पहुंच: | http://www.icontrolpollution.com/articles/visualization-of-experimental-data-for-the-process-of-solid-materials-atomic-structures-properties-modeling-in-the-antares-quantumchemical-calculations-software-package-.pdf |
| स्वरूप: | इलेक्ट्रोनिक पुस्तक अध्याय |
| KOHA link: | https://koha.lib.tpu.ru/cgi-bin/koha/opac-detail.pl?biblionumber=655257 |
MARC
| LEADER | 00000naa0a2200000 4500 | ||
|---|---|---|---|
| 001 | 655257 | ||
| 005 | 20260310141730.0 | ||
| 035 | |a (RuTPU)RU\TPU\network\21218 | ||
| 035 | |a RU\TPU\network\21215 | ||
| 090 | |a 655257 | ||
| 100 | |a 20170815d2016 k||y0rusy50 ba | ||
| 101 | 0 | |a eng | |
| 102 | |a IN | ||
| 135 | |a drcn ---uucaa | ||
| 181 | 0 | |a i | |
| 182 | 0 | |a b | |
| 200 | 1 | |a Visualization of experimental data for the process of solid materials atomic structures properties modeling in the Antares quantum-chemical calculations software package |f S. G. Kuznetsov, A. V. Obkhodskiy, A. S. Popov | |
| 203 | |a Text |c electronic | ||
| 300 | |a Title screen | ||
| 320 | |a [References: p. 458 (10 tit.)] | ||
| 330 | |a This paper focuses on modern ways of visualization of large amounts of data. The authors describe a data visualization program based on the OpenGL library that provides static and dynamic modes of representation of the heat transfer process in the scope of material piece and alteration of the material atomic structure. The visualization program is integrated in the Antares material modeling software package that operates on the basis of the distributing computing GRID. Experimental test of the designed program is performed using the example of Ti3Al system atomic structure visualization. | ||
| 461 | |t Journal of Industrial Pollution Control | ||
| 463 | |t Vol. 32, iss. 2 |v [P. 453-458] |d 2016 | ||
| 610 | 1 | |a электронный ресурс | |
| 610 | 1 | |a труды учёных ТПУ | |
| 610 | 1 | |a свойства | |
| 610 | 1 | |a моделирование | |
| 610 | 1 | |a материалы | |
| 610 | 1 | |a программное обеспечение | |
| 610 | 1 | |a архитектура | |
| 610 | 1 | |a OpenGL | |
| 610 | 1 | |a графические объекты | |
| 610 | 1 | |a текстурирование | |
| 610 | 1 | |a кристаллические решетки | |
| 610 | 1 | |a визуализация | |
| 610 | 1 | |a данные | |
| 610 | 1 | |a градиент | |
| 700 | 1 | |a Kuznetsov |b S. G. |g Sergey Gennadjevich | |
| 701 | 1 | |a Obkhodskiy |b A. V. |c specialist in the field of nuclear power engineering |c Associate Professor of Tomsk Polytechnic University, Candidate of technical science |f 1982- |g Artem Viktorovich |3 (RuTPU)RU\TPU\pers\32672 | |
| 701 | 1 | |a Popov |b A. S. |g Aleksandr Sergeevich | |
| 712 | 0 | 2 | |a Национальный исследовательский Томский политехнический университет |c (2009- ) |9 26305 |
| 801 | 2 | |a RU |b 63413507 |c 20170815 |g RCR | |
| 856 | 4 | |u http://www.icontrolpollution.com/articles/visualization-of-experimental-data-for-the-process-of-solid-materials-atomic-structures-properties-modeling-in-the-antares-quantumchemical-calculations-software-package-.pdf | |
| 942 | |c CF | ||